000 00446nam a2200157Ia 4500
005 20250401120007.0
008 231217s9999 xx 000 0 und d
020 _a9788131403822
082 _a332.75 SAK;1 R
100 _aSakalya, Venkata Seshaiah ed.
245 0 _aFinancial distress prediction models : an introduction
260 _c2006
_bIcfai
_aHyderabad
300 _av, 168
650 _aFinancial,distress,prediction
942 _cAA
999 _c189491
_d189491